| 000 | 00486nam a2200121Ia 4500 | ||
|---|---|---|---|
| 008 | 171212s9999 xx 000 0 und d | ||
| 020 | _a9780833033437 | ||
| 100 | _aOrtiz, David S.;Sollinger, Jerry M. | ||
| 245 |
_cOrtiz, David S.;Sollinger, Jerry M. _aE-Vision 2002, Shaping Our Future by Reducing Energy Intensity in the U.S. Economy, Volume I _bProceedings of the Conference |
||
| 260 |
_bRAND Corporation _c2003 |
||
| 650 | _aPhysics | ||
| 856 | _uwww.jstor.org/stable/10.7249/cf184doe | ||
| 999 |
_c352056 _d352056 |
||